Moderní ekonomie jednoduše o všem, co byste měli vědět

Saved in:
Bibliographic Details
Main Author: Lipovská, Hana
Format: Book
Language:Czech
Published: Praha GRADA 2017
Edition:1. vydání
Subjects:
Tags: Add Tag
No Tags, Be the first to tag this record!

MARC

LEADER 00000nam a2200000 4500
001 0240157
005 20240221113014.8
020 |a 978-80-271-0120-7 
041 0 |a cze 
044 |a CZ 
245 1 0 |a Moderní ekonomie  |b jednoduše o všem, co byste měli vědět  |c Hana Lipovská 
250 |a 1. vydání 
264 1 |a Praha  |b GRADA  |c 2017 
300 |a 252 s. 
610 2 0 |a ekonómia 
610 2 0 |a veda ekonomická 
610 2 0 |a teória a prax 
610 2 0 |a kolobeh hospodársky 
610 2 0 |a myslenie ekonomické 
610 2 0 |a racionalita ekonomická 
610 2 0 |a makroekonomika 
610 2 0 |a mikroekonomika 
100 1 |a Lipovská, Hana